000 00670nam a2200241 i 4500
001 C2-0293577
003 PPAK
005 20180728025409.0
008 090202s2008 my a|||| ||||| | may d
020 _a9789833171590
040 _aPPAK
_beng
_cPPAK
_erda
082 0 4 _a920.02
_223
090 0 0 _a920.02
_bRAK
_dG
245 0 0 _aRakyat Malaysia pertama ke angkasa
264 1 _aKuala Lumpur :
_bProgressive Publishing House ,
_c2008
300 _axiii, 195 pages :
_billustrations ;
_c19 cm
336 _2rdacontent
_atext
337 _2rdamedia
_aunmediated
338 _2rdacarrier
_avolume
650 1 0 _aBiography
700 0 _aWahba,
_ecompile
942 _ddc
_cB
999 _c98266
_d98266